[Event "World Rapid 2015"]
[Site "Berlin GER"]
[Date "2015.10.10"]
[Round "1.21"]
[White "Pavlovic, Milos"]
[Black "Ponomariov, Ruslan"]
[Result "0-1"]
[WhiteTitle "GM"]
[BlackTitle "GM"]
[WhiteElo "2481"]
[BlackElo "2710"]
[WhiteFideId "900389"]
[BlackFideId "14103320"]
[EventDate "2015.10.10"]

1. e4 c5 2. Nf3 d6 3. Bb5+ Nd7 4. c3 Nf6 5. Qe2 a6 6. Ba4 b5 7. Bc2 Bb7 8. O-O
Rc8 9. d3 e6 10. Ng5 h6 11. Nh3 g6 12. f4 Bg7 13. f5 O-O 14. fxe6 fxe6 15. Nd2
g5 16. Bb3 Qe8 17. Nf2 Ne5 18. a4 Kh8 19. axb5 axb5 20. Ra7 Rb8 21. Rd1 Nh5 22.
Nf1 Qg6 23. Ng4 Nc6 24. Ra1 Nf4 25. Bxf4 gxf4 26. Kh1 b4 27. Rac1 bxc3 28. bxc3
h5 29. Nf2 Ne5 30. Nd2 Ng4 31. Nf3 Ba6 32. Bc4 Bxc4 33. dxc4 Rb6 34. Nd3 Ne3 35.
Nxf4 Rxf4 36. Qxe3 Qxe4 37. Qf2 Qxc4 38. h3 Rf6 39. Rb1 Rxb1 40. Rxb1 Qf4 41.
Qe2 e5 42. Nd2 Qf5 43. Ne4 d5 44. Rb8+ Rf8 45. Nd6 Qe6 46. Qxh5+ Kg8 47. Rxf8+
Bxf8 48. Nf5 e4 49. Qg4+ Kf7 50. Qf4 Be7 51. g4 Bf6 52. g5 Be5 53. Qg4 Qa6 54.
Qh5+ Kf8 55. Qd1 Qd3 56. Qg4 Qf1+ 0-1

[Event "World Rapid 2015"]
[Site "Berlin GER"]
[Date "2015.10.10"]
[Round "1.51"]
[White "Ladva, Ottomar"]
[Black "Onischuk, Alexander"]
[Result "0-1"]
[WhiteTitle "IM"]
[BlackTitle "GM"]
[WhiteElo "2423"]
[BlackElo "2662"]
[WhiteFideId "4500024"]
[BlackFideId "14101025"]
[EventDate "2015.10.10"]

1. d4 Nf6 2. c4 e6 3. Nc3 Bb4 4. e3 O-O 5. Ne2 d5 6. a3 Be7 7. cxd5 exd5 8. Nf4
c6 9. Bd3 Bd6 10. O-O Re8 11. f3 Bxf4 12. exf4 b6 13. f5 c5 14. Bg5 cxd4 15. Nb5
Nc6 16. Rc1 Bb7 17. Bb1 Ba6 18. Qa4 Bxb5 19. Qxb5 Ne5 20. Qb4 Nc4 21. b3 a5 22.
Qa4 b5 23. Qxb5 Nxa3 24. Qd3 Qb6 25. Rfd1 h6 26. Bxf6 Qxf6 27. Qd2 Nxb1 28. Rxb1
Re3 29. Ra1 Rae8 30. Rxa5 d3 31. Rxd5 Qb6 32. Kh1 Qxb3 0-1

[Event "World Rapid 2015"]
[Site "Berlin GER"]
[Date "2015.10.10"]
[Round "1.69"]
[White "Berend, Elvira"]
[Black "Bogdanovich, Stanislav"]
[Result "0-1"]
[WhiteTitle "WGM"]
[BlackTitle "IM"]
[WhiteElo "2370"]
[BlackElo "2590"]
[WhiteFideId "4000510"]
[BlackFideId "14115298"]
[EventDate "2015.10.10"]

1. d4 d5 2. c4 c6 3. e3 Nf6 4. Nc3 e6 5. Nf3 Nbd7 6. Qc2 Bd6 7. Bd3 dxc4 8. Bxc4
O-O 9. O-O b5 10. Bd3 Bb7 11. a3 a5 12. e4 e5 13. dxe5 Nxe5 14. Nxe5 Bxe5 15. h3
Re8 16. Be3 Bd4 17. Bxd4 Qxd4 18. Ne2 Qb6 19. Rac1 Nd7 20. Ng3 c5 21. Be2 a4 22.
Bg4 Ne5 23. Qxc5 Qxc5 24. Rxc5 b4 25. Be2 Ba6 26. Bxa6 Rxa6 27. Rd1 Ng6 28. axb4
Rb6 29. Rd4 Nf4 30. Rdc4 Nd3 31. Rc8 Kf8 32. Nf5 Nxb2 33. R4c7 g6 34. Nd4 Rxb4
35. Nc2 Rxe4 36. Rxe8+ Rxe8 37. Rb7 Nd3 38. Ra7 Rc8 39. Na3 Rc1+ 40. Kh2 Nc5 41.
Nb5 Rd1 42. Rc7 Ne6 43. Ra7 Nc5 44. Rc7 Ne4 45. Rc4 Nxf2 46. Rxa4 Kg7 47. Ra7 h5
48. Kg3 Ne4+ 49. Kf4 Nf6 50. Kf3 Rd2 51. g3 Rd3+ 52. Kg2 Ne4 53. Ra3 Rd2+ 54.
Kg1 Kf6 55. Rf3+ Ke6 56. Nc7+ Ke5 57. g4 Ng5 58. Rb3 hxg4 59. hxg4 Kf4 60. Rb4+
Kg3 61. Kf1 Nf3 0-1

[Event "World Rapid 2015"]
[Site "Berlin GER"]
[Date "2015.10.10"]
[Round "2.26"]
[White "Bindrich, Falko"]
[Black "Bruzon Batista, Lazaro"]
[Result "0-1"]
[WhiteTitle "GM"]
[BlackTitle "GM"]
[WhiteElo "2594"]
[BlackElo "2659"]
[WhiteFideId "4676670"]
[BlackFideId "3503739"]
[EventDate "2015.10.10"]

1. d4 Nf6 2. c4 e6 3. g3 Bb4+ 4. Nd2 O-O 5. Bg2 d5 6. Nf3 b6 7. cxd5 exd5 8. O-O
Bb7 9. Ne5 Re8 10. Ndf3 h6 11. Bf4 Bf8 12. Rc1 c5 13. Qa4 Na6 14. Rfd1 Qc8 15.
dxc5 bxc5 16. h4 Qe6 17. b3 Qb6 18. Re1 Rad8 19. Bd2 Nb4 20. a3 Nc6 21. Nd3 Ne4
22. Bf4 a5 23. b4 axb4 24. axb4 cxb4 25. Qb3 Na5 26. Qb1 Nc4 27. e3 Ra8 28. Nde5
Nc3 29. Nxc4 dxc4 30. Rxc3 Be4 31. Rc2 Qb7 32. Qd1 c3 33. Qe2 Rec8 34. Rb1 b3
35. Rxb3 Qxb3 36. Nd4 Qb1+ 37. Kh2 Bxg2 38. Kxg2 Ra1 39. Kf3 h5 40. Ke4 Qb7+ 41.
Kd3 Qd5 42. e4 Qd7 43. Qxh5 Rc5 44. Qf3 Ra4 45. Be3 Rcc4 46. Ke2 Rxd4 47. Bxd4
Qxd4 48. Qd3 Qe5 49. Rxc3 Rxe4+ 50. Kf1 Rd4 51. Qf3 Qd5 52. Qxd5 Rxd5 53. Rc8 g6
54. Rc2 Bc5 55. Kg2 Kg7 56. Rc4 Bb6 57. Rb4 Ba5 58. Ra4 Bb6 59. Rb4 Rd6 60. Rb2
Kf6 61. Rb4 Ke6 62. Re4+ Kd7 63. Rf4 Ke7 64. Re4+ Re6 65. Rb4 Rf6 66. Rb2 Bd4
67. Re2+ Re6 68. Rd2 Bb6 69. Rb2 Kd7 70. Rd2+ Rd6 71. Rb2 Kc6 72. Re2 Bd4 73.
Re4 Kd5 74. Re7 Rf6 75. Re2 Ra6 76. Re7 Ra7 77. Re2 Rb7 78. Kh3 Rb2 79. Re7 Rxf2
80. Kg4 Bc5 81. Rb7 Bd6 82. Rb5+ Ke6 83. Rb3 Rf5 84. Rd3 Ra5 85. Rb3 Ra3 0-1

[Event "World Rapid 2015"]
[Site "Berlin GER"]
[Date "2015.10.10"]
[Round "2.32"]
[White "Przybylski, Wojciech"]
[Black "Korobov, Anton"]
[Result "0-1"]
[WhiteTitle "FM"]
[BlackTitle "GM"]
[WhiteElo "2354"]
[BlackElo "2700"]
[WhiteFideId "1117599"]
[BlackFideId "14105730"]
[EventDate "2015.10.10"]

1. e4 c5 2. Nf3 d6 3. Bb5+ Nd7 4. d4 Nf6 5. O-O cxd4 6. Qxd4 a6 7. Bxd7+ Bxd7 8.
c4 e5 9. Qd3 b5 10. Nc3 bxc4 11. Qxc4 h6 12. h3 Be7 13. Be3 O-O 14. Rfd1 Qb8 15.
b3 Qb7 16. Nd2 Be6 17. Qd3 d5 18. exd5 Nxd5 19. Nc4 Nxc3 20. Qxc3 Rfc8 21. Rac1
f6 22. Qd3 Rd8 23. Qg6 Bf7 24. Qg4 h5 25. Qe2 Qb5 26. Rxd8+ Rxd8 27. Rc2 a5 28.
Rd2 Rc8 29. Nb6 Rc1+ 30. Kh2 Qxe2 31. Rxe2 Rc6 32. Na4 Be6 33. Bc5 Rxc5 34. Nxc5
Bxc5 35. Rc2 Bd4 36. Rc6 Kf7 37. Ra6 Bxf2 38. Rxa5 e4 39. g3 e3 40. Ra7+ Kg6 41.
Kg2 Bxh3+ 42. Kf3 Bg4+ 43. Kg2 h4 44. Ra4 Kg5 45. gxh4+ Bxh4 0-1

[Event "World Rapid 2015"]
[Site "Berlin GER"]
[Date "2015.10.10"]
[Round "2.68"]
[White "Milanovic, Danilo"]
[Black "Bruedigam, Martin"]
[Result "1-0"]
[WhiteTitle "GM"]
[BlackTitle "FM"]
[WhiteElo "2469"]
[BlackElo "2375"]
[WhiteFideId "915483"]
[BlackFideId "24608033"]
[EventDate "2015.10.10"]

1. d4 Nf6 2. c4 e6 3. Nc3 Bb4 4. e3 O-O 5. Bd3 c5 6. Ne2 d5 7. cxd5 cxd4 8. exd4
Nxd5 9. O-O Nc6 10. Qc2 g6 11. Bh6 Re8 12. Rad1 Be7 13. Be4 Bf6 14. Rfe1 Bh8 15.
Qc1 Nce7 16. Bg5 Nf6 17. Bf3 Qa5 18. Ng3 Ned5 19. Nge4 Nxe4 20. Nxe4 Bd7 21. Nd6
Reb8 22. Bf4 Qxa2 23. Be5 f6 24. Bg3 Bg7 25. Rd3 Qa5 26. Nc4 Qb5 27. Bxb8 Rxb8
28. b3 Qb4 29. Bxd5 exd5 30. Ne3 Rc8 31. Qd2 Qb5 32. Rc3 Bc6 33. Rc5 Qxb3 34.
Nxd5 Rd8 35. Ne7+ Kh8 36. Nxc6 bxc6 37. Rxc6 Qb7 38. d5 Kg8 39. Rd1 f5 40. g3
Bf8 41. Qe2 a5 42. Qe6+ Qf7 43. Qxf7+ Kxf7 44. Ra6 Bb4 45. Ra7+ Kf6 46. Rxh7 Ke5
47. Ra7 Rxd5 48. Rc1 Rd6 49. Kg2 Kf6 50. h4 Re6 51. Rc2 Rb6 52. f3 Rd6 53. g4
fxg4 54. fxg4 Rd4 55. Rf2+ Ke5 56. Kg3 Rd3+ 57. Rf3 Rd1 58. h5 gxh5 59. gxh5
Rg1+ 60. Kh2 Rg8 61. h6 Kd5 62. h7 Rh8 63. Kg3 Kc4 64. Kg4 Kb5 65. Rf5+ Kb6 66.
Rg7 1-0

[Event "World Rapid 2015"]
[Site "Berlin GER"]
[Date "2015.10.10"]
[Round "3.21"]
[White "Tomashevsky, Evgeny"]
[Black "Petrosian, Tigran L."]
[Result "1-0"]
[WhiteTitle "GM"]
[BlackTitle "GM"]
[WhiteElo "2758"]
[BlackElo "2625"]
[WhiteFideId "4147235"]
[BlackFideId "13301616"]
[EventDate "2015.10.10"]

1. Nf3 d6 2. d4 Bg4 3. e4 Nf6 4. Nc3 e6 5. Bd3 Be7 6. h3 Bh5 7. Qe2 a6 8. g4 Bg6
9. h4 d5 10. h5 Bxe4 11. Nxe4 dxe4 12. Bxe4 c6 13. Bd3 Nbd7 14. g5 Nd5 15. Bd2
Qc7 16. O-O-O Nf4 17. Bxf4 Qxf4+ 18. Qe3 Qxe3+ 19. fxe3 O-O-O 20. Rdf1 Rdf8 21.
Kd2 g6 22. Ke2 Kd8 23. Rh3 Ke8 24. Rfh1 Rhg8 25. hxg6 hxg6 26. Rh7 Nb6 27. c3
Nd7 28. e4 Nb6 29. e5 Na4 30. Bc2 Nb6 31. Bb3 Nd5 32. Bxd5 cxd5 33. Ke3 Kd7 34.
Kf4 b5 35. a3 a5 36. Ne1 b4 37. axb4 axb4 38. Nd3 bxc3 39. bxc3 Rc8 40. Rxf7
Rgf8 41. Rh7 Rxf7+ 42. Rxf7 Rxc3 43. Ne1 Rc8 44. Nf3 Rg8 45. Kg4 Ke8 46. Rh7 Kf8
47. Nh4 Ke8 48. Ng2 Rf8 49. Nf4 Rf5 50. Nxe6 Kd7 51. Nc5+ Ke8 52. Ne6 Kd7 53.
Nf4 Rxg5+ 54. Kf3 Rf5 55. Ke3 Ke8 56. Nxd5 Bd8 57. Ke4 Rf7 58. Rh6 g5 59. e6 Rf8
60. Rg6 Rh8 61. Ke5 Kf8 62. Nf6 Bc7+ 63. Kf5 Bf4 64. d5 Bd6 65. Rxg5 Ba3 66. Rg3
Bd6 67. Rg2 Bb4 68. Rc2 Rh1 69. Rc8+ Ke7 70. Rc7+ Kd8 71. Rd7+ Kc8 72. Rf7 Rf1+
73. Kg6 Rg1+ 74. Kf5 Rf1+ 75. Ke4 Re1+ 76. Kd4 Ba3 77. Ne4 Rd1+ 78. Kc4 Bb2 79.
Nd6+ Kb8 80. e7 1-0

[Event "World Rapid 2015"]
[Site "Berlin GER"]
[Date "2015.10.10"]
[Round "3.25"]
[White "Mikhalevski, Victor"]
[Black "Matlakov, Maxim"]
[Result "1/2-1/2"]
[WhiteTitle "GM"]
[BlackTitle "GM"]
[WhiteElo "2536"]
[BlackElo "2689"]
[WhiteFideId "2801914"]
[BlackFideId "4168003"]
[EventDate "2015.10.10"]

1. c4 e5 2. g3 Nf6 3. Bg2 d5 4. cxd5 Nxd5 5. Nc3 Nb6 6. e3 Nc6 7. Nge2 Bd6 8.
O-O O-O 9. f4 f6 10. f5 Bd7 11. g4 Be8 12. Ng3 Bf7 13. d3 Be7 14. Qe2 Qd7 15.
Rd1 Rad8 16. Be4 Nb4 17. b3 c5 18. Bb2 a5 19. Rab1 a4 20. bxa4 Nxa4 21. a3 Nxc3
22. Bxc3 Nd5 23. Bb2 b5 24. g5 fxg5 25. Bxe5 Bf6 26. Bxf6 Nxf6 27. Bg2 Qa7 28.
Rxb5 Qxa3 29. e4 Rfe8 30. e5 Qa4 31. Rxc5 Qa7 32. Rc1 Nd7 33. d4 Nxc5 34. dxc5
Qa3 35. Re1 Qxc5+ 36. Kh1 Bd5 37. e6 Bxg2+ 38. Kxg2 Rd4 39. Qh5 Qc6+ 40. Kg1 Rf4
41. Qf7+ Kh8 42. e7 h6 43. Re6 Qc5+ 44. Kh1 Qd5+ 45. Kg1 Qd4+ 46. Kh1 Qa1+ 47.
Kg2 Qa8+ 48. Kg1 Rh4 49. f6 Qa1+ 50. Kg2 Qa2+ 51. Ne2 Qd5+ 52. Kg1 Qc5+ 53. Kf1
Qf5+ 54. Kg1 Qc5+ 55. Kg2 Qd5+ 56. Kg1 Qc5+ 57. Kg2 Qd5+ 58. Kg1 1/2-1/2

[Event "World Rapid 2015"]
[Site "Berlin GER"]
[Date "2015.10.10"]
[Round "3.32"]
[White "Jumabayev, Rinat"]
[Black "Ragger, Markus"]
[Result "1-0"]
[WhiteTitle "GM"]
[BlackTitle "GM"]
[WhiteElo "2606"]
[BlackElo "2698"]
[WhiteFideId "13702661"]
[BlackFideId "1610856"]
[EventDate "2015.10.10"]

1. d4 d5 2. c4 c6 3. Nf3 Nf6 4. Qb3 e6 5. Bg5 h6 6. Bh4 dxc4 7. Qxc4 b5 8. Qc2
Bb7 9. Nbd2 Nbd7 10. e3 Rc8 11. a4 b4 12. Nb3 c5 13. dxc5 Bxc5 14. Nxc5 Nxc5 15.
Bb5+ Ke7 16. O-O a6 17. Be2 Qa5 18. Nd2 Ne4 19. Nc4 Qc5 20. f3 Nd6 21. Rac1 Nxc4
22. Bf2 Qg5 23. h4 Nxe3 24. Qc7+ Rxc7 25. Rxc7+ Kd6 26. hxg5 Kxc7 27. Rc1+ Kd7
28. gxf6 Nd5 29. fxg7 Rg8 30. Bd4 f6 31. Kf2 Rxg7 32. Rd1 e5 33. Be3 Ke6 34.
Bxh6 Rc7 35. Rc1 Rxc1 36. Bxc1 a5 37. Bc4 Kd6 38. Bh6 Nb6 39. Bf8+ Kd7 40. Bb5+
Bc6 41. Bxc6+ Kxc6 42. b3 Nd5 43. g4 Kd7 44. Ke2 Nf4+ 45. Kd2 Ne6 46. Bh6 Nd4
47. Kd3 Nxb3 48. Be3 Kc6 49. Kc4 Na1 50. Bh6 Nc2 51. Bg7 Ne3+ 52. Kd3 Nd5 53.
Kc4 Kd6 54. Bf8+ Kc6 55. Bg7 Nb6+ 56. Kb3 Nd7 57. Kc4 Kd6 58. Bh6 Nb8 59. Bf8+
Ke6 60. Bh6 Nc6 61. Be3 Kd6 62. Bc5+ Kd7 63. Bb6 Ke6 64. Be3 f5 65. gxf5+ Kxf5
66. Kb5 e4 67. fxe4+ Kxe4 68. Bc1 Kd5 69. Bb2 b3 70. Bc3 Nb4 71. Kxa5 Kc4 72.
Ba1 Nc2 73. Bb2 Na3 74. Bxa3 Kc3 75. Kb5 Kc2 76. Kc4 1-0

[Event "World Rapid 2015"]
[Site "Berlin GER"]
[Date "2015.10.10"]
[Round "3.45"]
[White "Richter, Michael"]
[Black "Onischuk, Alexander"]
[Result "0-1"]
[WhiteTitle "GM"]
[BlackTitle "GM"]
[WhiteElo "2517"]
[BlackElo "2662"]
[WhiteFideId "4618920"]
[BlackFideId "14101025"]
[EventDate "2015.10.10"]

1. d4 Nf6 2. c4 e6 3. Nc3 Bb4 4. f3 c5 5. d5 b5 6. e4 O-O 7. Ne2 bxc4 8. Nf4 e5
9. Ne2 d6 10. Ng3 Nbd7 11. Bxc4 Nb6 12. Be2 c4 13. O-O Bc5+ 14. Kh1 Bd7 15. Bg5
h6 16. Bd2 Rc8 17. Rc1 a5 18. Qe1 Bd4 19. Nd1 a4 20. a3 Ne8 21. Rc2 f5 22. Nxf5
Bxf5 23. exf5 Nf6 24. Ba5 Qd7 25. Bxb6 Bxb6 26. Qb4 Bc5 27. Qxc4 Bxa3 28. Qd3
Rxc2 29. Qxc2 Rc8 30. Nc3 Bb4 31. Qxa4 Qxa4 32. Nxa4 Nxd5 33. Bb5 Ne3 34. Ra1
Kf7 35. Nb6 Rc7 36. b3 Kf6 37. Bc4 Kxf5 38. Nd5 Nxd5 39. Bxd5 Kf4 40. g3+ Ke3
41. Kg2 Rc2+ 42. Kh3 Rd2 43. Bc6 d5 44. Ra4 Bc3 45. Ra7 d4 46. Rxg7 d3 47. Rd7
Rb2 48. f4 exf4 49. gxf4 d2 50. Kg4 Rb1 51. Re7+ Kf2 52. Bf3 Rg1+ 0-1

[Event "World Rapid 2015"]
[Site "Berlin GER"]
[Date "2015.10.10"]
[Round "3.52"]
[White "Ladva, Ottomar"]
[Black "Swiercz, Dariusz"]
[Result "0-1"]
[WhiteTitle "IM"]
[BlackTitle "GM"]
[WhiteElo "2423"]
[BlackElo "2620"]
[WhiteFideId "4500024"]
[BlackFideId "1126881"]
[EventDate "2015.10.10"]

1. d4 Nf6 2. c4 e6 3. Nc3 Bb4 4. e3 O-O 5. Ne2 d5 6. a3 Be7 7. cxd5 exd5 8. Nf4
c6 9. Bd3 Na6 10. O-O Nc7 11. Bd2 Ne6 12. Nxe6 Bxe6 13. b4 Bd6 14. f3 a5 15. Na4
Qc7 16. h3 axb4 17. axb4 Nh5 18. f4 Ng3 19. Re1 Bf5 20. Bxf5 Nxf5 21. b5 cxb5
22. Nc3 Rxa1 23. Qxa1 Qc4 24. Qb1 Nxd4 25. Nxd5 Qxd5 26. exd4 Qxd4+ 27. Be3 Qc3
28. Kf2 b4 29. Rd1 Bc5 30. Qe4 b6 31. Rd3 Qc2+ 32. Kf3 b3 33. Bxc5 bxc5 0-1

[Event "World Rapid 2015"]
[Site "Berlin GER"]
[Date "2015.10.10"]
[Round "3.59"]
[White "Hausrath, Daniel"]
[Black "Van Wely, Loek"]
[Result "1/2-1/2"]
[WhiteTitle "GM"]
[BlackTitle "GM"]
[WhiteElo "2503"]
[BlackElo "2632"]
[WhiteFideId "4617495"]
[BlackFideId "1000268"]
[EventDate "2015.10.10"]

1. Nf3 Nf6 2. g3 d5 3. Bg2 Bf5 4. O-O e6 5. d3 h6 6. c4 c6 7. Be3 Nbd7 8. Qb3
Qc8 9. Rc1 Bd6 10. cxd5 exd5 11. Nc3 Qb8 12. Nd4 Bg6 13. Bh3 h5 14. Nf5 Bxf5 15.
Bxf5 h4 16. Kg2 g6 17. Bh3 Kf8 18. Bd4 Be5 19. Bxe5 Nxe5 20. Qb4+ Kg7 21. Qd4
hxg3 22. hxg3 Qe8 23. Rh1 Qe7 24. f4 Ned7 25. e4 dxe4 26. Nxe4 Nb6 27. Rae1 Rad8
28. Qc3 Nd5 29. Ng5 Qc7 30. Qe5 Rhe8 31. Be6 Qxe5 32. fxe5 fxe6 33. exf6+ Kxf6
34. Ne4+ Kg7 35. Ng5 Kf6 36. Ne4+ Kg7 37. Ng5 Kf6 1/2-1/2

[Event "World Rapid 2015"]
[Site "Berlin GER"]
[Date "2015.10.10"]
[Round "4.57"]
[White "Huzman, Alexander"]
[Black "Kunin, Vitaly"]
[Result "1/2-1/2"]
[WhiteTitle "GM"]
[BlackTitle "GM"]
[WhiteElo "2580"]
[BlackElo "2556"]
[WhiteFideId "2803828"]
[BlackFideId "4128737"]
[EventDate "2015.10.10"]

1. d4 d5 2. c4 dxc4 3. e3 Be6 4. Nf3 Nf6 5. Nc3 h6 6. Ne5 c6 7. Nxc4 Nbd7 8. e4
Bxc4 9. Bxc4 e6 10. O-O Be7 11. e5 Nd5 12. Qg4 g6 13. Ne4 Qb6 14. Rd1 O-O-O 15.
Qf3 Rdf8 16. a3 Kb8 17. b4 Ka8 18. Rb1 f6 19. exf6 N7xf6 20. Nc5 e5 21. Bb2 e4
22. Nxe4 Nh5 23. Qb3 Ndf4 24. g3 Nh3+ 25. Kg2 Ng5 26. Nxg5 hxg5 27. Qe3 Qc7 28.
d5 Nf6 29. Qe2 Rh7 30. h3 cxd5 31. Bxd5 Nxd5 32. Rxd5 Qc8 33. g4 Rhf7 34. Rc1
Rxf2+ 35. Qxf2 Rxf2+ 36. Kxf2 Qf8+ 37. Kg2 a6 38. Rc7 Bd6 39. Rc4 Qe8 40. Rd2
Bb8 41. Rc3 Qe5 42. Rcd3 Qh2+ 43. Kf1 Qh1+ 44. Ke2 Bf4 45. Rd8+ Ka7 46. Bd4+ b6
47. Be3 Qg2+ 48. Kd1 Qf1+ 49. Kc2 Qc4+ 50. Kb2 Be5+ 51. Bd4 Qc7 52. Rd5 Bxd4+
53. R2xd4 Qh2+ 54. Rd2 Qf4 55. Rd7+ Kb8 56. Re2 Kc8 57. Rd3 Qf6+ 58. Kc2 Qf7 59.
Rc3+ Kb7 60. Kb2 Qf6 61. Rc2 b5 62. Rd2 Qe5 63. Rd3 Qe2+ 64. Kc1 Qe1+ 65. Kc2
Qe2+ 66. Rd2 Qe4+ 67. Kb2 Qe5 68. Rc2 Kb6 69. Kb1 1/2-1/2

[Event "World Rapid 2015"]
[Site "Berlin GER"]
[Date "2015.10.10"]
[Round "5.39"]
[White "Vovk, Yuri"]
[Black "Savchenko, Boris"]
[Result "0-1"]
[WhiteTitle "GM"]
[BlackTitle "GM"]
[WhiteElo "2617"]
[BlackElo "2567"]
[WhiteFideId "14113171"]
[BlackFideId "4147332"]
[EventDate "2015.10.10"]

1. d4 Nf6 2. c4 e6 3. Nf3 c5 4. d5 b5 5. dxe6 fxe6 6. cxb5 Be7 7. Nbd2 O-O 8. b3
a6 9. e3 axb5 10. Bxb5 Qa5 11. a4 Nd5 12. Bb2 Nc3 13. Qc2 Nd5 14. O-O Ba6 15.
Ne4 Qb6 16. Neg5 Rf5 17. e4 Nb4 18. Qc3 Rf6 19. Qd2 Rf8 20. Bxd7 Nxd7 21. Qxd7
Ra7 22. Qxe6+ Qxe6 23. Nxe6 Rb8 24. Be5 Rb6 25. Nc7 Bxf1 26. Rxf1 Nd3 27. Nb5
Ra8 28. Bc7 Rc6 29. Nd2 Bd8 30. Bg3 h5 31. h4 c4 32. Nxc4 Nc5 33. Nd4 Rg6 34.
Re1 Rg4 35. Nd6 Bb6 36. Kh2 Nxa4 37. bxa4 Bxd4 38. Nf5 Bc5 39. Rc1 Bf8 40. Rc4
Rg6 41. Bc7 Rc8 42. e5 Ra6 43. Ne3 Kf7 44. a5 Ke6 45. f4 g6 46. g3 Be7 47. Kg2
Bd8 48. Bxd8 Rxd8 49. Kf3 Rd3 50. Ke4 Ra3 51. Nd5 Kf7 52. Rc7+ Kf8 53. Nb6 R3xa5
54. Nd7+ Ke8 55. Nc5 Ra7 56. Rc8+ Ke7 57. Kd5 Rd7+ 58. Kc6 Rd2 59. Rc7+ Ke8 60.
Kb6 Ra3 61. e6 Rxg3 62. Rc8+ Rd8 63. Rc7 Rd6+ 64. Kb5 Rg4 65. Rc8+ Rd8 66. Rc7
Rxh4 67. Nb7 Rd1 68. Kc6 Rc1+ 69. Nc5 Rxf4 70. Rc8+ Ke7 71. Rc7+ Kd8 72. Rg7 Ke8
73. Rxg6 Rf5 74. Rg8+ Ke7 75. Rg7+ Kf8 76. e7+ Kxg7 77. e8=Q Rcxc5+ 78. Kb6 Rce5
79. Qd7+ Kg6 80. Qd3 h4 81. Kc6 Ra5 82. Qe4 Kg5 83. Qe3+ Rf4 84. Qg1+ Kh6 85.
Qe3 Rf5 86. Kd6 Kh5 87. Ke6 Rf3 88. Qa7 h3 89. Qg7 Kh4 90. Qg8 h2 91. Qg2 Rf2
92. Qh1 Kh3 93. Qa8 Rf8 94. Qb7 R2f7 95. Qb3+ Rf3 96. Qb1 Re8+ 97. Kd7 Ree3 98.
Kd6 Rd3+ 99. Ke5 Kg2 100. Qc2+ Kg3 101. Qc1 Rde3+ 102. Kd4 Kf2 103. Kd5 Rd3+
104. Ke5 Rfe3+ 105. Kf5 Re2 106. Kf4 Rd4+ 107. Kf5 Kg2 108. Qc6+ Rde4 109. Qg6+
Kf1 110. Qh7 R4e3 111. Kf4 Rb3 112. Qh8 Rf2+ 113. Kg4 Kg2 114. Qa8+ Rbf3 0-1

[Event "World Rapid 2015"]
[Site "Berlin GER"]
[Date "2015.10.10"]
[Round "5.70"]
[White "Tari, Aryan"]
[Black "Carow, Johannes"]
[Result "1-0"]
[WhiteTitle "IM"]
[BlackTitle "FM"]
[WhiteElo "2521"]
[BlackElo "2431"]
[WhiteFideId "1510045"]
[BlackFideId "24692050"]
[EventDate "2015.10.10"]

1. d4 Nf6 2. c4 g6 3. Nc3 d5 4. Nf3 Bg7 5. cxd5 Nxd5 6. Na4 O-O 7. e4 Nb6 8. Be3
N8d7 9. Nc3 c6 10. Be2 e5 11. d5 cxd5 12. Nxd5 Nxd5 13. Qxd5 Nf6 14. Qxd8 Rxd8
15. Nd2 Ng4 16. Bc5 Be6 17. f3 Nf6 18. Be3 Rac8 19. Bd1 Bf8 20. Ke2 Bc5 21. Bb3
Bxe3 22. Kxe3 Bxb3 23. axb3 Rc2 24. Nc4 a6 25. g4 b5 26. Nxe5 Rxb2 27. Rxa6
Rxb3+ 28. Kf4 Ne8 29. g5 Ng7 30. Kg4 Nh5 31. Rha1 Rb2 32. Ra8 Rg2+ 33. Kh3 Nf4+
34. Kh4 Rd2 35. Rxd8+ Rxd8 36. Ra7 Rf8 37. Kg4 Nh5 38. Nd7 f5+ 39. gxf6 Nxf6+
40. Nxf6+ Rxf6 41. Rb7 Rc6 42. e5 Rc5 43. f4 h6 44. h4 Kf8 45. h5 g5 46. fxg5
hxg5 47. h6 Kg8 48. e6 Re5 49. e7 1-0

[Event "World Rapid 2015"]
[Site "Berlin GER"]
[Date "2015.10.11"]
[Round "6.14"]
[White "Khismatullin, Denis"]
[Black "Morozevich, Alexander"]
[Result "1-0"]
[WhiteTitle "GM"]
[BlackTitle "GM"]
[WhiteElo "2651"]
[BlackElo "2711"]
[WhiteFideId "4142578"]
[BlackFideId "4116992"]
[EventDate "2015.10.10"]

1. d4 Nf6 2. c4 e6 3. Nc3 Bb4 4. e3 O-O 5. Bd3 b6 6. Ne2 Bb7 7. a3 Bxc3+ 8. Nxc3
d5 9. cxd5 Nxd5 10. O-O Nxc3 11. bxc3 c5 12. Bb2 Nc6 13. Qh5 f5 14. Rad1 Qf6 15.
Ba1 Rad8 16. Be2 Qe7 17. c4 Na5 18. dxc5 Nb3 19. cxb6 Nxa1 20. Rxa1 Rf6 21. Qh4
Bxg2 22. Kxg2 Rg6+ 23. Qg3 axb6 24. Rab1 Rd2 25. Bf3 Qc5 26. Rfd1 Ra2 27. Rd8+
Kf7 28. Bh5 Ke7 29. Bxg6 Kxd8 30. Rd1+ Kc8 31. Be8 g6 32. Bd7+ Kb7 33. Bxe6 Ka6
34. Rd8 1-0

[Event "World Rapid 2015"]
[Site "Berlin GER"]
[Date "2015.10.11"]
[Round "6.67"]
[White "Przybylski, Wojciech"]
[Black "Richter, Michael"]
[Result "1-0"]
[WhiteTitle "FM"]
[BlackTitle "GM"]
[WhiteElo "2354"]
[BlackElo "2517"]
[WhiteFideId "1117599"]
[BlackFideId "4618920"]
[EventDate "2015.10.10"]

1. e4 e6 2. d4 d5 3. Nc3 Nf6 4. Bg5 Bb4 5. Ne2 dxe4 6. a3 Be7 7. Bxf6 gxf6 8.
Nxe4 b6 9. g4 h5 10. Bg2 hxg4 11. Nxf6+ Bxf6 12. Bxa8 c6 13. Qd3 Rh3 14. Qe4 Qd5
15. Qxd5 exd5 16. O-O Ba6 17. Rfe1 Kd7 18. Rad1 Kc7 19. Nf4 Rf3 20. Nh5 Bh4 21.
Ng3 f5 22. Re3 f4 23. Rxf3 gxf3 24. Nf5 Bf6 25. b3 Be2 26. Rc1 b5 27. c3 Nd7 28.
Nh6 Nb6 29. Ng4 Bg7 30. h4 Nxa8 31. h5 Nb6 32. h6 Bh8 33. Ne5 a5 34. Ng6 Bf6 35.
Nxf4 a4 36. bxa4 Nxa4 37. h7 Kd6 38. Kh2 Ke7 39. Rg1 Kf7 40. Rg6 Bh8 41. Rg8
Nxc3 42. Rxh8 Kg7 43. Rc8 Kxh7 44. Rxc6 Ne4 45. Kg1 Bc4 46. Nh5 Nc3 47. Nf6+ Kg7
48. Ng4 Ne2+ 49. Kh2 Nxd4 50. Rd6 Nc2 51. Ne5 Nxa3 52. Nxf3 b4 53. Rb6 Nc2 54.
Nd2 Ba2 55. Kg3 Kf7 56. f4 d4 57. Kf3 Bd5+ 58. Ke2 b3 59. Nxb3 Bc4+ 60. Kd2 Ne3
61. Nxd4 Nd5 62. Rc6 Ba2 63. f5 Ne7 64. Rb6 Bd5 65. Ke3 Ba2 66. Rd6 Bb1 67. Kf4
Ba2 68. Ke5 Bc4 69. Nf3 Nc8 70. Rc6 Bd5 71. Ng5+ 1-0

[Event "World Rapid 2015"]
[Site "Berlin GER"]
[Date "2015.10.11"]
[Round "6.70"]
[White "Hasangatin, Ramil"]
[Black "Zepeda, Lorena"]
[Result "1-0"]
[WhiteTitle "GM"]
[BlackTitle "WIM"]
[WhiteElo "2509"]
[BlackElo "2106"]
[WhiteFideId "4122160"]
[BlackFideId "6700233"]
[EventDate "2015.10.10"]

1. d4 Nf6 2. Nc3 d5 3. Bg5 Bf5 4. Bxf6 exf6 5. e3 c6 6. Bd3 Bg6 7. h4 Bb4 8. Ne2
Nd7 9. h5 Bxd3 10. Qxd3 Nb6 11. e4 O-O 12. O-O dxe4 13. Nxe4 Re8 14. c3 Bf8 15.
Qf3 h6 16. Rfe1 Qd5 17. Nf4 Qf5 18. Ng3 Qd7 19. Nd3 Rxe1+ 20. Rxe1 Re8 21. Rxe8
Qxe8 22. Qe4 Qxe4 23. Nxe4 Nc4 24. Kf1 Nd6 25. Nxd6 Bxd6 26. Ke2 Kf8 27. Ke3 Ke7
28. b4 f5 29. c4 Kf6 30. f4 g5 31. g3 gxf4+ 32. gxf4 Ke6 33. a3 b6 34. Nc1 a5
35. c5 bxc5 36. dxc5 Bc7 37. Ne2 axb4 38. axb4 Kd5 39. Kd3 Bb8 40. Nc3+ Ke6 41.
Ke3 Ba7 42. Ne2 Bb8 43. Nd4+ Kd5 44. Nxf5 Bc7 45. Ne7+ Kc4 46. Nxc6 Kb5 47. Ne7
Bd8 48. Nd5 Kc6 49. Kd4 Bh4 50. Kc4 Bf2 51. b5+ Kb7 52. c6+ Kc8 53. b6 1-0